000 01914nam a2200241 a 4500
001 ASIN0863564909
005 20170105102925.0
008 131211s2011 xxu eng d
020 _a0863564909 (paperback)
_c$39.95
020 _a9780863564901 (paperback)
040 _a0
082 _a330.9536
_bNEW 2011
245 0 4 _aThe new post-oil arab gulf :
_bmanaging people and wealth /
_cNabil Sultan, David Weir, Zeinab Karake-Shalhoub.
250 _a1st ed.
260 _a[S.l.] :
_bSaqi Books,
_c2011.
300 _a250 p. ;
_c24 cm.
520 _aThe sharp increase in oil revenues since 2002 has left the Arab Gulf States with billions of petro-dollars. But how will these countries fare in the post-oil era? The rulers of these states are taking serious measures to ensure the survival of their economies, and indeed their regimes, in a world with scarce mineral resources. This book explores the extent to which these countries have been and will be able to prepare for the future by transforming themselves into serious international destinations for tourism, finance, healthcare, and education. It also considers the implications of failure for the future survival of their regimes. Topics covered include sovereign funds, Islamic finance, new technologies, higher education, and the role of women. A timely study into this vibrant and important region, this book will provide food for thought for academics, policy makers, and general readers. Nabil Sultan is a senior lecturer at the Liverpool Hope University. David Weir is a professor at Liverpool Hope University. Zeinab Karake-Shalhoub is director of research at the Dubai International Financial Centre in the United Arab Emirates.
700 1 _aSultan, Nabil.
700 1 _aWeir, David.
700 1 _aKarake-Shalhoub, Zeinab.
856 4 0 _3Amazon.com
_uhttp://www.amazon.com/exec/obidos/ASIN/0863564909/chopaconline-20
942 _2ddc
_cBK
999 _c15792
_d15792